| 000 | 00516nab a2200181 a 4500 | ||
|---|---|---|---|
| 001 | 18493 | ||
| 003 | 47784 | ||
| 005 | 20201118095737.0 | ||
| 008 | ||||||n9999 ||| || || | ||
| 110 | _aCamara de Comercio de Barranquilla (Colombia) | ||
| 245 | 0 | _aInformacion empresarial al servicio de la comunidad | |
| 300 | _app. 30-31 | ||
| 562 | _e0 | ||
| 650 | _aSERVICIOS DE INFORMACION | ||
| 650 | _aSISTEMAS DE INFORMACIÓN | ||
| 773 |
_018490 _aRevista de Investigaciones - Vol.18 No.177 |
||
| 942 | _cSART | ||
| 999 |
_c18493 _d18493 |
||